Birth and Death Years Quiz Stats

 Plays Quiz not verified by Sporcle

Score 0/60 Timer 10:00
0 Plays Today
Birth/Death Years Person % Correct
1809-1865Abraham Lincoln
83.8%
1732-1799George Washington
82.4%
1869-1948Mahatma Gandhi
52.9%
1564-1616William Shakespeare
52.9%
1452-1519Leonardo da Vinci
50%
1970-1993River Phoenix
39.7%
1475-1564Michelangelo
39.7%
1835-1910Mark Twain
33.8%
1809-1849Edgar Alan Poe
32.4%
1950-1994John Candy
30.9%
1949-1982John Belushi
29.4%
1899-1961Ernest Hemingway
29.4%
1904-1991Dr. Seuss
29.4%
1812-1870Charles Dickens
27.9%
1881-1973Pablo Picasso
27.9%
1854-1900Oscar Wilde
26.5%
1898-1963C. S. Lewis
26.5%
1927-1985Clive Churchill
26.5%
1930-2004Ray Charles
25%
1933-2006James Brown
25%
1922-1969Judy Garland
25%
1853-1890Vincent van Gogh
25%
1895-1948Babe Ruth
25%
1819-1891Herman Melville
23.5%
1942-1995Jerry Garcia
22.1%
1819-1892Walt Whitman
20.6%
1916-1990Roald Dahl
20.6%
1483-1520Raphael
20.6%
1914-1999Joe DiMaggio
20.6%
1859-1930Arthur Conan Doyle
19.1%
Birth/Death Years Person % Correct
1874-1963Robert Frost
17.6%
1837-1908Grover Cleveland
17.6%
1925-1964Flannery O'Connor
16.2%
1547-1616Miguel de Cervantes
16.2%
1606-1669Rembrandt
16.2%
1907-1994Cab Calloway
14.7%
1896-1940F. Scott Fitzgerald
14.7%
1850-1894Robert Louis Stevenson
14.7%
1897-1962William Faulkner
13.2%
1909-2001Eudora Welty
13.2%
1817-1862Henry David Thoreau
13.2%
1903-1941Lou Gehrig
13.2%
1893-1980Mae West
13.2%
1935-1998Sonny Bono
13.2%
1797-1851Mary Shelley
11.8%
1802-1885Victor Hugo
11.8%
1840-1902Émile Zola
10.3%
1469-1527Niccolò Machiavelli
10.3%
1899-1985E. B. White
8.8%
1863-1944Edvard Munch
7.4%
1920-2013Stan Musial
7.4%
1926-2011Jimmy Seville
7.4%
1945-1973Ron 'Pigpen' McKernan
7.4%
1962-2008David Foster Wallace
5.9%
1847-1912Bram Stoker
5.9%
1891-1942Grant Wood
5.9%
1886-1961Ty Cobb
5.9%
1917-2001John Lee Hooker
4.4%
1928-2012Maurice Sendak
4.4%
1908-2001Don Bradman
4.4%

You're not logged in!

Compare scores with friends on all Sporcle quizzes.
OR
Log In

Show Comments

Extras

Created Feb 25, 2014ReportNominate
Tags:Famous Quiz, birth, death, person

Top Quizzes Today


Score Distribution

Your Account Isn't Verified!

In order to create a playlist on Sporcle, you need to verify the email address you used during registration. Go to your Sporcle Settings to finish the process.

Report this User

Report this user for behavior that violates our Community Guidelines.

Details: